Anatomy and human movement : (Record no. 7340)
[ view plain ]
| 000 -LEADER | |
|---|---|
| fixed length control field | 00791nam a22002537a 4500 |
| 003 - CONTROL NUMBER IDENTIFIER | |
| control field | OSt |
| 005 - DATE AND TIME OF LATEST TRANSACTION | |
| control field | 20211006150723.0 |
| 008 - FIXED-LENGTH DATA ELEMENTS--GENERAL INFORMATION | |
| fixed length control field | 211006b ||||| |||| 00| 0 eng d |
| 020 ## - INTERNATIONAL STANDARD BOOK NUMBER | |
| International Standard Book Number | 9780702035531 |
| 040 ## - CATALOGING SOURCE | |
| Transcribing agency | NLM |
| 082 ## - DEWEY DECIMAL CLASSIFICATION NUMBER | |
| Classification number | QS4 p171a 2012 |
| 100 ## - MAIN ENTRY--PERSONAL NAME | |
| Personal name | Palastanga, Nigel: Soames, Roger |
| 9 (RLIN) | 15041 |
| 245 ## - TITLE STATEMENT | |
| Title | Anatomy and human movement : |
| Remainder of title | structure and function. |
| 250 ## - EDITION STATEMENT | |
| Edition statement | 6th ed. |
| 260 ## - PUBLICATION, DISTRIBUTION, ETC. (IMPRINT) | |
| Place of publication, distribution, etc. | Edinburgh : |
| Name of publisher, distributor, etc. | Churchill Livingstone, |
| Date of publication, distribution, etc. | 2012 |
| 300 ## - PHYSICAL DESCRIPTION | |
| Extent | xiii, 620 p. : |
| Other physical details | col. ill. ; |
| Dimensions | 26 cm. |
| 504 ## - BIBLIOGRAPHY, ETC. NOTE | |
| Bibliography, etc | Includes index |
| 650 ## - SUBJECT ADDED ENTRY--TOPICAL TERM | |
| Topical term or geographic name as entry element | Human mechanics. |
| 9 (RLIN) | 162 |
| 650 ## - SUBJECT ADDED ENTRY--TOPICAL TERM | |
| Topical term or geographic name as entry element | Human anatomy |
| 9 (RLIN) | 134 |
| 650 ## - SUBJECT ADDED ENTRY--TOPICAL TERM | |
| Topical term or geographic name as entry element | Musculoskeletal System -- anatomy & histology. |
| 9 (RLIN) | 15042 |
| 650 ## - SUBJECT ADDED ENTRY--TOPICAL TERM | |
| Topical term or geographic name as entry element | Movement |
| 9 (RLIN) | 1347 |
| 650 ## - SUBJECT ADDED ENTRY--TOPICAL TERM | |
| Topical term or geographic name as entry element | Nervous System -- anatomy & histology. |
| 9 (RLIN) | 15043 |
| 942 ## - ADDED ENTRY ELEMENTS (KOHA) | |
| Source of classification or shelving scheme | Other/Generic Classification Scheme |
| Koha item type | Book |
| Withdrawn status | Lost status | Source of classification or shelving scheme | Damaged status | Not for loan | Home library | Current library | Date acquired | Source of acquisition | Inventory number | Total Checkouts | Full call number | Barcode | Date last seen | Price effective from | Koha item type |
|---|---|---|---|---|---|---|---|---|---|---|---|---|---|---|---|
| Other/Generic Classification Scheme | MUST Main Library | MUST Main Library | 06/10/2021 | Purchase | 21/41491 | QS4 p171a 2012 | 2021-1427 | 06/10/2021 | 06/10/2021 | Book | |||||
| Other/Generic Classification Scheme | MUST Main Library | MUST Main Library | 06/10/2021 | Purchase | 21/41492 | QS4 p171a 2012 | 2021-1428 | 06/10/2021 | 06/10/2021 | Book |
